000 00396nam a22001697a 4500
003 MPLRDC
005 20220104163515.0
008 210129b ||||| |||| 00| 0 eng d
020 _a1-85697-561-4
082 _a719 MAX
100 _a不详
245 _aCIRCLING THE GLOBE
_c
260 _a
_bD.S. MAX INTERNATIONAL
_c1995
300 _b
650 _a世界游记
942 _cBK
_o719 MAX
999 _c56493
_d56483